Southville International School and Colleges
Your cart is empty.
  • Cart
  • Lists
    Public lists Eva Luna New books Lux_list list_1
    Your lists Log in to create your own lists
  • Log in to your account
  • Your cookies
  • Search history
Southville International School and Colleges
  • Advanced search
  • Recent comments
  • Most popular
  • Libraries

Log in to your account

Log in with GOOGLE


If you do not have an external account, but do have a local account, you can still log in:

  1. Home
  2. MARC view: Trauma-focused CBT for children and adolescents :
Normal view MARC view ISBD view

Trauma-focused CBT for children and adolescents : (Record no. 340268)

[ view plain ]
MARC details
000 -LEADER
fixed length control field 00842nam a22002177a 4500
003 - CONTROL NUMBER IDENTIFIER
control field SISC
005 - DATE AND TIME OF LATEST TRANSACTION
control field 20170711153716.0
008 - FIXED-LENGTH DATA ELEMENTS--GENERAL INFORMATION
fixed length control field 170711b xxu||||| |||| 00| 0 eng d
020 ## - INTERNATIONAL STANDARD BOOK NUMBER
International Standard Book Number 9781462527779
050 ## - LIBRARY OF CONGRESS CALL NUMBER
Classification number RJ 505.C63
Item number .C678 2017
100 ## - MAIN ENTRY--PERSONAL NAME
Personal name Cohen, Judith A.
245 ## - TITLE STATEMENT
Title Trauma-focused CBT for children and adolescents :
Remainder of title treatment applications /
Statement of responsibility, etc edited by Judith A. Cohen, Anthony P. Mannarino, Esther Deblinger.
260 ## - PUBLICATION, DISTRIBUTION, ETC. (IMPRINT)
Place of publication, distribution, etc New York :
Name of publisher, distributor, etc The Guilford Press,
Date of publication, distribution, etc 2012.
300 ## - PHYSICAL DESCRIPTION
Extent 308 pages ;
Dimensions 23 cm.
500 ## - GENERAL NOTE
General note Includes bibliographical references and index.
650 ## - SUBJECT ADDED ENTRY--TOPICAL TERM
Topical term or geographic name as entry element Cognitive therapy for children.
650 ## - SUBJECT ADDED ENTRY--TOPICAL TERM
Topical term or geographic name as entry element Cognitive therapy for teenagers.
650 ## - SUBJECT ADDED ENTRY--TOPICAL TERM
Topical term or geographic name as entry element Post-traumatic stress disorder in children -- Treatment.
650 ## - SUBJECT ADDED ENTRY--TOPICAL TERM
Topical term or geographic name as entry element Post-traumatic stress disorder in adolescence -- Treatment.
942 ## - ADDED ENTRY ELEMENTS (KOHA)
Source of classification or shelving scheme Library of Congress Classification
Koha item type Books
Holdings
Withdrawn status Lost status Source of classification or shelving scheme Damaged status Home library Current library Shelving location Date acquired Source of acquisition Sub Shelving location Total Checkouts Full call number Barcode Date last seen Price effective from Koha item type
    Library of Congress Classification   College Library College Library Graduate Section 07/11/2017 Library Fund     RJ 505.C63 .C678 2017 C20996 05/15/2018 07/11/2017 Books

Trauma-focused CBT for children and adolescents :

APA

Cohen J. A., . (2012). Trauma-focused CBT for children and adolescents. New York: The Guilford Press.

Chicago

Cohen Judith A, . 2012. Trauma-focused CBT for children and adolescents. New York: The Guilford Press.

Harvard

Cohen J. A., . (2012). Trauma-focused CBT for children and adolescents. New York: The Guilford Press.

MLA

Cohen Judith A, . Trauma-focused CBT for children and adolescents. New York: The Guilford Press. 2012.

  • Place hold
  • Print
  • Cite
  • Add to your cart (remove)
  • Save record
    BIBTEX Dublin Core MARCXML MARC (non-Unicode/MARC-8) MARC (Unicode/UTF-8) MARC (Unicode/UTF-8, Standard) MODS (XML) RIS
  • More searches
    Search for this title in:
    Other Libraries (WorldCat) Other Databases (Google Scholar) Online Stores (Bookfinder.com) Open Library (openlibrary.org)

Exporting to Dublin Core...

SOUTHVILLE LIBRARY

Southville International School and Colleges Library

1281 Tropical Ave. Cor. Luxembourg St., BF Homes International, Las Pinas City

Tel. No. 8256374 / 252358 Loc. 117/146

Powered by Koha